LEADER 00865nam a2200229 i 4500 001 000000067853 003 CaOOAMICUS 005 20100610000000.0 008 100610s1954 it u000 u ita u 013 $a39025 040 $aSeMil$bita 100 1 $aStocker, Arnold.$0(OLS)http://semarc/name/33918 240 13$aLe traitement moral des nerveux.$0(OLS)http://semarc/title/108215 245 13$aLa cura morale dei nervosi /$cArnold Stocker. 250 $a2. ed. 260 $aMilano :$bVita e Pensiero,$c1954. 300 $aX, 249 p. ;$c19 cm. 650 4$aPsicanalisi.$0(OLS)http://semarc/subject/1341 850 $aSeMil 852 $aSeMil$W1$xVenegono$y1$m2O I 380$j34006$B34006$CSeMilBibl$Z2$F34009 $81 996 $6245$aLa cura morale dei nervosi$9(OLS)http://semarc/title/108214 996 $6260$aMilano :$bVita e Pensiero$9(OLS)http://semarc/publisher/29642 LEADER 00811nam a2200205 i 4500 001 000000104982 003 CaOOAMICUS 005 20020124000000.0 008 020124s1981 be u000 u lat u 013 $a77171 040 $aSeMil$bita 245 10$a[Pars 2]. 300 $aP. 368-754. 490 0 $aCorpus Christianorum. Series Latina ;$v24.A 773 0 $aPetrus : Chrysologus $tCollectio sermonum, a Felice episcopo parata, sermonibus extravagantibus adiectis.$dTurnholti : Brepols, 1975-1982.$w()1350 830 0$aCorpus Christianorum. Series Latina ;$v24.A.$0(OLS)http://semarc/title/37 850 $aSeMil 852 $aSeMil$W1$xVenegono$y1$mSL2.J I 24/A$j61277$B61277$CSeMilBibl$Z2$F70576 $8I 961 $aSottoscrizione: Brepols 996 $6245$a[Pars 2]$9(OLS)http://semarc/title/174520